000
00354 a2200169 4500
001
187962
020
_a
040
_c
Magnum
100
_a
Carrasco, Walcyr
240
1
0
_a
Cadê o super-herói
_l
por
245
1
0
_a
Cadê o super-herói
300
_a
61
362
0
_a
1992
440
1
_a
Global
697
_a
LITERATURA INFANTO-JUVENIL
942
_c
BK
999
_c
187962
_d
187962